Number Names 1 - 1 Attillion - Statistics

General Stats
  • This quiz has been taken 2 times
  • The average score is 68 of 160
Answer Stats
Acronym Name % Correct
B Billion
100%
M Million
100%
Qd Quadrillion
100%
Qn Quintillion
100%
Sp Septillion
100%
Sx Sextillion
100%
K Thousand
100%
T Trillion
100%
De Decillion
100%
DDe Duodecillion
100%
DTg Duotrigintillion
100%
DVt Duovigintillion
100%
No Nonillion
100%
Oc Octillion
100%
OcDe Octodecillion
100%
OcTg Octotrigintillion
100%
OcVt Octovigintillion
100%
QnDe Quindecillion
100%
QnTg Quintrigintillion
100%
QnVt Quinvigintillion
100%
SxDe Sexdecillion
100%
SxTg Sextrigintillion
100%
SxVt Sexvigintillion
100%
TDe Tredecillion
100%
TTg Tretrigintillion
100%
TVt Trevigintillion
100%
Tg Trigintillion
100%
UDe Undecillion
100%
UTg Untrigintillion
100%
UVt Unvigintillion
100%
Vt Vigintillion
100%
At Attilion
50%
Ce Centillion
50%
DeCe Decicentillion
50%
DCe Duocentillion
50%
DOg Duooctogintillion
50%
Dqg Duoquadragintillion
50%
DQg Duoquinquagintillion
50%
DSg Duoseptuagintillion
50%
Dsg Duosexagintillion
50%
NoCe Novemcentillion
50%
NoDe Novemdecillion
50%
NoOg Novemoctogintillion
50%
Noqg Novemquadragintillion
50%
NoQg Novemquinquagintillion
50%
NoSg Novemseptuagintillion
50%
Nosg Novemsexagintillion
50%
NoTg Novemtrigintillion
50%
NoVt Novemvigintillion
50%
OcCe Octocentillion
50%
Og Octogintillion
50%
OcOg Octooctogintillion
50%
Ocqg Octoquadragintillion
50%
OcQg Octoquinquagintillion
50%
OcSg Octoseptuagintillion
50%
Ocsg Octosexagintillion
50%
qg Quadragintillion
50%
QdCe Quattuorcentillion
50%
QdDe Quattuordecillion
50%
QdOg Quattuoroctogintillion
50%
Qdqg Quattuorquadragintillion
50%
QdQg Quattuorquinquagintillion
50%
QdSg Quattuorseptuagintillion
50%
Qdsg Quattuorsexagintillion
50%
QdTg Quattuortrigintillion
50%
QdVt Quattuorvigintillion
50%
QnCe Quincentillion
50%
QnOg Quinoctogintillion
50%
Qnqg Quinquadragintillion
50%
Qg Quinquagintillion
50%
QnQg Quinquinquagintillion
50%
QnSg Quinseptuagintillion
50%
Qnsg Quinsexagintillion
50%
SpCe Septencentillion
50%
SpDe Septendecillion
50%
SpOg Septenoctogintillion
50%
Spqg Septenquadragintillion
50%
SpQg Septenquinquagintillion
50%
SpSg Septenseptuagintillion
50%
Spsg Septensexagintillion
50%
SpTg Septentrigintillion
50%
SpVt Septenvigintillion
50%
Sg Septuagintillion
50%
sg Sexagintillion
50%
SxCe Sexcentillion
50%
SxOg Sexoctogintillion
50%
Sxqg Sexquadragintillion
50%
SxQg Sexquinquagintillion
50%
SxSg Sexseptuagintillion
50%
Sxsg Sexsexagintillion
50%
TCe | Tr Trecentillion
50%
TOg Treoctogintillion
50%
Tqg Trequadragintillion
50%
TQg Trequinquagintillion
50%
TSg Treseptuagintillion
50%
Tsg Tresexagintillion
50%
UCe Uncentillion
50%
UOg Unoctogintillion
50%
Uqg Unquadragintillion
50%
UQg Unquinquagintillion
50%
USg Unseptuagintillion
50%
Usg Unsexagintillion
50%
VtCe Viginticentillion
50%
CeMi Centimillinillion
0%
DeMi Decimillinillion
0%
Du Ducentillion
0%
DuMi Ducentimillinillion
0%
DMi Duomillinillion
0%
DNg Duonongentillion
0%
Fm Femtillion
0%
Mc Micrillion
0%
Mi Millinillion
0%
Na Nanillion
0%
NgCe Nonagintacentillion
0%
NgMi Nonagintamillinillion
0%
Ng | Ni Nongentillion
0%
NiMi Nongentimillinillion
0%
NoMi Novemmillinillion
0%
NoNg Novemnongentillion
0%
Ot Octingentillion
0%
OtMi Octingentimillinillion
0%
OgCe Octoginticentillion
0%
OgMi Octogintimillinillion
0%
OcMi Octomillinillion
0%
OcNg Octonongentillion
0%
Pi Picillion
0%
qgCe Quadraginticentillion
0%
qgMi Quadragintimillinillion
0%
Qa Quadringentillion
0%
QaMi Quadringentimillinillion
0%
QdMi Quattuormillinillion
0%
QdNg Quattuornongentillion
0%
Qi Quingentillion
0%
QiMi Quingentimillinillion
0%
QnMi Quinmillinillion
0%
QnNg Quinnongentillion
0%
QgCe Quinquadragintacentillion
0%
QgMi Quinquadragintamillinillion
0%
SpMi Septenmillinillion
0%
SpNg Septennongentillion
0%
Si Septingentillion
0%
SiMi Septingentimillinillion
0%
SgCe Septuagintacentillion
0%
SgMi Septuagintamillinillion
0%
Se Sescentillion
0%
SeMi Sescentimillinillion
0%
sgCe Sexaginticentillion
0%
sgMi Sexagintimillinillion
0%
SxMi Sexmillinillion
0%
SxNg Sexnongentillion
0%
TrMi Trecentimillinillion
0%
TMi Tremillinillion
0%
TNg Trenongentillion
0%
TgCe Trigintacentillion
0%
TgMi Trigintamillinillion
0%
UMi Unmillinillion
0%
UNg Unnongentillion
0%
VtMi Vigintimillinillion
0%
No matching quizzes found
Score Distribution
Percent of People with Each Score
Percentile by Number Answered
Your Score History
You have not taken this quiz